000 00501nam a2200181Ia 4500
005 20250326125212.0
008 250326s9999 xx 000 0 und d
037 _aTextbook
040 _aFMSL
_beng
_cFMSL
041 _aeng
_2eng
084 _aX4.4451 M3;4
_qFMSL
100 _aGupta M P
245 0 _aMetropolitan transportation system
_cGupta M P
260 _aNew Delhi
_bNew Delhi, National
_c1983
300 _a180p
942 _cTB
_hX4.4451 M3;4
999 _c1276985
_d1276985